| 000 -LEADER |
| fixed length control field |
00964nam a22002297a 4500 |
| 003 - CONTROL NUMBER IDENTIFIER |
| control field |
OSt |
| 005 - DATE AND TIME OF LATEST TRANSACTION |
| control field |
20260124091707.0 |
| 008 - FIXED-LENGTH DATA ELEMENTS--GENERAL INFORMATION |
| fixed length control field |
230627b ||||| |||| 00| 0 eng d |
| 040 ## - CATALOGING SOURCE |
| Transcribing agency |
SSBUL |
| 041 ## - LANGUAGE CODE |
| Language code of text/sound track or separate title |
Shan |
| 082 ## - DEWEY DECIMAL CLASSIFICATION NUMBER |
| Classification number |
808.882 |
| 100 ## - MAIN ENTRY--PERSONAL NAME |
| Personal name |
လွၼ်ႉတွၼ်း |
| Titles and words associated with a name |
ၸၢႆး (ထုင်ႉမၢဝ်း) |
| 245 ## - TITLE STATEMENT |
| Title |
ၶေႃႈပၢႆးဝူၼ်ႉၶိုၼ်ႈယႂ်ႇပၢၼ်ၼုမ်ႇမႂ်ႇ / |
| Statement of responsibility, etc. |
ၸၢႆးလွၼ်ႉတွၼ်း (ထုင်ႉမၢဝ်း) |
| 260 ## - PUBLICATION, DISTRIBUTION, ETC. |
| Date of publication, distribution, etc. |
2001 |
| 300 ## - PHYSICAL DESCRIPTION |
| Extent |
112 ၼႃႈ |
| Dimensions |
16 ၸိၼ်ႇထီႇ |
| 500 ## - GENERAL NOTE |
| General note |
S-SAT: Dr. Prof Sai Aung Tun |
|
| General note |
ပပ်ႉၸဝ်ႈတႃႇၼႁင်းၶေႃတွၵ်ႉတိူဝ်ႇၸၢႆးဢွင်ႇထုၼ်းလူႇတၢၼ်ႈဝႆႉ |
| 650 ## - SUBJECT ADDED ENTRY--TOPICAL TERM |
| Topical term or geographic name entry element |
လွၼ်ႉမွၼ်းၵႂၢမ်း |
| 942 ## - ADDED ENTRY ELEMENTS (KOHA) |
| Koha item type |
Book (Short term) |
| 100 ## - MAIN ENTRY--PERSONAL NAME |
| 9 (RLIN) |
26891 |
| 650 ## - SUBJECT ADDED ENTRY--TOPICAL TERM |
| 9 (RLIN) |
23086 |
|
| Source of classification or shelving scheme |
|
|
| Source of classification or shelving scheme |
|